Find the Countries of Europe in Spanish Quiz Stats

 Plays Quiz Updated Jul 28, 2016

Challenge
Share
Tweet
Score 0/47 Timer 05:00
14 Plays Today
% Correct
Rusia
92.5%
Italia
91.9%
España
91.6%
Portugal
91.5%
Francia
91.4%
Irlanda
91.3%
Grecia
90.4%
Turquía
88.6%
Noruega
87.4%
Polonia
87.2%
Islandia
87%
Finlandia
86.7%
Ucrania
86.7%
Reino Unido
85.6%
Bélgica
83.8%
Luxemburgo
83.3%
Vaticano
81.9%
Bielorrusia
81.8%
Dinamarca
81.7%
Andorra
80.8%
Suiza
80.7%
Rumanía
80.7%
Austria
80.4%
Estonia
79.7%
% Correct
Alemania
78.7%
Lituania
77%
Chequia
76.8%
Croacia
75.4%
San Marino
74.6%
Hungría
74.4%
Malta
74.2%
Liechtenstein
73.2%
Bulgaria
73.1%
Albania
72.9%
Eslovaquia
72.4%
Bosnia y Herzegovina
72.2%
Países Bajos
71.9%
Kosovo
71.7%
Mónaco
71.6%
Moldavia
70.7%
Montenegro
70.4%
Chipre
70.1%
Macedonia
70%
Eslovenia
68.8%
Suecia
68.6%
Serbia
68.4%
Letonia
66.8%

You're not logged in!

Compare scores with friends on all Sporcle quizzes.
OR
Log In

You Might Also Like...

Show Comments

Extras

Top Quizzes Today


Score Distribution

Your Account Isn't Verified!

In order to create a playlist on Sporcle, you need to verify the email address you used during registration. Go to your Sporcle Settings to finish the process.

Report this User

Report this user for behavior that violates our Community Guidelines.

Details: